000 00415nam a2200169 a 4500
001 0000-8590
003 ELIB.Books
008 110520 1955
035 _a(ELIB.Books)0000-8736
082 _a813
_bGut
100 _aGuthrie, A. B.
245 _aThe Way West
260 _bNew York: Pocket Books
_c1955
650 _aPoetry - Collection
942 _2ddc
_cBK
998 _cbat
_e2011-05-20
999 _c8590
_d8590